CHALLENGE 77 - Statistics

General Stats
  • This quiz has been taken 4 times
  • The average score is 4 of 6
Answer Stats
Clue % Correct
Some things have names of different hues please
100%
What might be called the 'five blood tree' answer
67%
That say it is not five but six! comments
67%
But can you find an answer for me your
67%
Yes names can give us many clues, give
33%
Though other answers add to the mix in the
33%
No matching quizzes found
Score Distribution
Percent of People with Each Score
Percentile by Number Answered
Your Score History
You have not taken this quiz